| 000 | 00794cam a22002295a 4500 | ||
|---|---|---|---|
| 001 | L154793 | ||
| 002 | 18693 | ||
| 008 | 120118s2011 xxk f 000 0 eng d | ||
| 020 | _a9781444336887 | ||
| 035 | _a(Sirsi) u154793 | ||
| 041 | 0 | _aeng | |
| 050 | 0 | 4 | _a624.08 |
| 100 | 1 | _aRowlinson, Michael | |
| 245 | 0 | 2 | _aA practical guide to the NEC3 engineering and construction contract |
| 260 |
_aSussex _bJohn Wiley & Sons Ltd. _c2011 |
||
| 350 | _a65 | ||
| 520 | _aIntended as a guide to the application of the procedures detailed in NEC3, it also aims to provide a better understanding of other contracts and thus steer the reader towards the ECC-favoured collaborative project management approach. | ||
| 590 | _aKA | ||
| 651 | 4 | _aInternational | |
| 690 |
_aContracts _96232 |
||
| 942 | _n0 | ||
| 999 |
_c113157 _d113157 |
||